Analisis de la planta de tratamiento de las aguas residuales de la ciudad de Heredia
Gorde:
| Egile nagusia: | |
|---|---|
| Formatua: | Tesis Liburua |
| Hizkuntza: | Undetermined |
| Argitaratua: |
1985
|
| Gaiak: | |
| Etiketak: |
Etiketa erantsi
Etiketarik gabe, Izan zaitez lehena erregistro honi etiketa jartzen!
|
MARC
| LEADER | 00000nam a2200000Ia 4500 | ||
|---|---|---|---|
| 001 | 2909 | ||
| 008 | 140114s9999 xx 000 0 und d | ||
| 100 | |a Padilla Sibaja, Fernando | ||
| 245 | |a Analisis de la planta de tratamiento de las aguas residuales de la ciudad de Heredia | ||
| 260 | |c 1985 | ||
| 500 | |a NULL | ||
| 502 | |a Escuela de ingenieria Civil | ||
| 650 | |z PLANTA DE TRATAMIENTO DE AGUA | ||
| 999 | |c 11660 |d 11660 | ||
